[Event "Ogolnopolska Olimpiada Mlodziezy D-12"]
[Site "Spala"]
[Date "1899-12-30"]
[Round "2.8"]
[White "Budkiewicz, Magdalena"]
[Black "Wolagiewicz, Kinga"]
[Result "0-1"]
[WhiteTitle "II+"]
[BlackTitle "I"]
[WhiteElo "1280"]
[BlackElo "1373"]

1. e4 c6 2. d4 d5 3. e5 Bf5 4. Nf3 e6 5. Be2 Nd7 6. O-O c5 7. c3 c4 8. Bf4 Ne7
9. Nh4 Ng6 10. Nxf5 Nxf4 11. Ng3 Be7 12. Nd2 b5 13. a3 a6 14. Nf3 O-O 15. Qd2
Bg5 16. Nxg5 Qxg5 17. Kh1 Qh6 18. Bg4 Qg5 19. f3 h6 20. Ne2 Nxe2 21. Qxe2 h5 22.
f4 Qxg4 23. Qxg4 hxg4 24. f5 Rae8 25. f6 gxf6 26. exf6 Kh7 27. Rf4 Rg8 28. Raf1
Rg6 29. h4 gxh3 30. gxh3 Reg8 31. R1f2 Rh6 32. Kh2 Rgg6 33. Rg2 Rxg2+ 34. Kxg2
Rxf6 35. Rh4+ Rh6 36. Rf4 Rg6+ 37. Kh2 Kg7 38. h4 Nf6 39. Kh3 Nh5 40. Rg4 Rxg4
41. Kxg4 Kg6 42. Kh3 Nf4+ 43. Kg4 Nd3 44. h5+ Kh6 45. Kh4 Nxb2 46. Kg4 Na4 47.
Kh4 Nxc3 48. Kg4 Ne2 49. Kf3 Nxd4+ 50. Ke3 e5 51. Kd2 Kxh5 52. Kc3 f5 53. a4 f4
54. axb5 axb5 55. Kd2 f3 56. Ke3 c3 57. Kd3 f2 58. Ke3 c2 59. Kxf2 c1=Q 60. Kg2
Qf4 0-1

[Event "Ogolnopolska Olimpiada Mlodziezy D-12"]
[Site "Spala"]
[Date "1899-12-30"]
[Round "2.9"]
[White "Raczykowska, Paulina"]
[Black "Tarka, Aleksandra"]
[Result "0-1"]
[WhiteTitle "II+"]
[BlackTitle "II+"]
[WhiteElo "1228"]
[BlackElo "1349"]

1. e4 c5 2. Nf3 d6 3. d4 cxd4 4. Nxd4 Nf6 5. Nc3 g6 6. Be2 Bg7 7. O-O O-O 8. Be3
Nc6 9. Kh1 Bd7 10. f4 Qc8 11. Bf3 Ng4 12. Bg1 Nxd4 13. Bxd4 e5 14. Nd5 Re8 15.
Bc3 exf4 16. Bxg7 Kxg7 17. Nxf4 Ne5 18. Qxd6 Qxc2 19. Qd4 Qc4 20. Qxc4 Nxc4 21.
Rfd1 Bc6 22. b3 Ne3 23. Rd3 Nc2 24. Rc1 Bxe4 25. Bxe4 Rxe4 26. g3 Nb4 27. Rd2
Rae8 28. Kg2 R8e7 29. Kf3 h5 30. Nd5 Nxd5 31. Rxd5 Re3+ 32. Kg2 Re2+ 33. Kh3 Rxa2
34. Rb5 Ree2 35. Rh1 b6 36. Rd5 Rab2 37. Rb5 f6 38. g4 Re3+ 39. Kh4 g5+ 0-1

[Event "Ogolnopolska Olimpiada Mlodziezy D-12"]
[Site "Spala"]
[Date "1899-12-30"]
[Round "2.10"]
[White "Pyzio, Amelia"]
[Black "Moscicka, Pola"]
[Result "0-1"]
[WhiteTitle "II+"]
[BlackTitle "I"]
[WhiteElo "1346"]
[BlackElo "1568"]

1. e4 c5 2. f4 d6 3. Bb5+ Bd7 4. Bxd7+ Qxd7 5. d3 g6 6. Nf3 Bg7 7. O-O Nc6 8. Nc3
e6 9. Bd2 Nge7 10. Qe1 O-O 11. Qh4 Nd4 12. Nxd4 Bxd4+ 13. Kh1 a6 14. Nd1 Bg7 15.
Rb1 Rfe8 16. c3 Qa4 17. Nf2 Qxa2 18. Ng4 Qa5 19. Nf6+ Bxf6 20. Qxf6 Nc6 21. f5
Qd8 22. fxg6 Qxf6 23. Rxf6 hxg6 24. Rbf1 Re7 25. Bg5 Rd7 26. R6f3 f5 27. exf5
gxf5 28. Re1 Kf7 29. h4 Rh8 30. g4 Ne5 31. Rfe3 fxg4 32. Rf1+ Nf3 33. Re4 Kg8
34. Rxg4 Nxg5 35. Rxg5+ Rg7 36. Rxg7+ Kxg7 37. Rf4 Kg6 38. Kg2 e5 39. Rg4+ Kf5
40. Rg7 b5 41. Ra7 Rxh4 42. Rxa6 Ke6 43. b3 b4 44. Ra4 Rg4+ 45. Kh3 Rf4 46. cxb4
Rxb4 47. Rxb4 cxb4 48. Kg4 Kd5 49. Kf3 Kd4 50. Ke2 Kc3 51. Ke3 Kxb3 52. Ke2 Kc2
0-1

[Event "Ogolnopolska Olimpiada Mlodziezy D-12"]
[Site "Spala"]
[Date "1899-12-30"]
[Round "2.11"]
[White "Rudzinska, Michalina"]
[Black "Skiba, Aleksandra"]
[Result "0-1"]
[WhiteTitle "I"]
[BlackTitle "II"]
[WhiteElo "1544"]
[BlackElo "1214"]

1. e4 e6 2. d4 d5 3. Nd2 Nf6 4. e5 Nfd7 5. c3 c5 6. Bd3 Nc6 7. Ne2 cxd4 8. cxd4
f6 9. exf6 Nxf6 10. Nf3 Bd6 11. O-O O-O 12. a3 Ng4 13. h3 Rxf3 14. gxf3 Nh2 15.
f4 Nxf1 16. Qxf1 Qf6 17. Be3 Ne7 18. Qg2 g6 19. Ng3 Kh8 20. Ne2 Bd7 21. Rc1 Rc8
22. Rxc8+ Bxc8 23. Qg3 Bc7 24. h4 Nf5 25. Bxf5 Qxf5 26. Nc3 a6 27. Kh2 Bd8 28.
f3 Qc2+ 29. Qf2 Qf5 30. Kg2 Qh5 31. Kh3 Bd7 32. Qe1 Qxf3+ 33. Qg3 Qxg3+ 34. Kxg3
Kg7 35. Kg4 h5+ 36. Kg3 Kf6 37. Bf2 Kf5 38. Kf3 Bb5 39. Nxb5 axb5 40. Be1 Be7
41. b4 Bd8 42. Bf2 Bf6 43. Be3 Bxh4 44. Bg1 Bf6 45. Bf2 g5 46. fxg5 Bxg5 47. Bg3
Bc1 48. Be1 Bxa3 49. Bc3 Bc1 50. Be1 Bb2 51. Ke3 Bc1+ 52. Kf3 Bg5 53. Bc3 h4 54.
Be1 Bf6 55. Bc3 e5 56. dxe5 Bxe5 57. Be1 Bf6 58. Kg2 Kg4 59. Bd2 Be5 60. Kh1 h3
61. Be3 Bc3 62. Bf2 Bxb4 63. Bd4 Bd6 64. Bg1 b4 65. Bd4 b3 66. Bb2 Bc5 67. Kh2
d4 68. Kh1 d3 69. Kh2 d2 70. Bc1 dxc1=B 71. Kh1 b2 72. Kh2 b1=Q 73. Kh1 B1e3+
74. Kh2 Qg1# 0-1

[Event "Ogolnopolska Olimpiada Mlodziezy D-12"]
[Site "Spala"]
[Date "1899-12-30"]
[Round "2.12"]
[White "Malicka, Maria"]
[Black "Bilczewska, Olga"]
[Result "1-0"]
[WhiteTitle "I"]
[BlackTitle "II"]
[WhiteElo "1408"]
[BlackElo "1252"]

1. e4 c5 2. Nf3 Nc6 3. d4 cxd4 4. Nxd4 Nf6 5. Nc3 e6 6. Ndb5 Bb4 7. a3 Bxc3+ 8.
Nxc3 d5 9. exd5 exd5 10. Bd3 O-O 11. O-O d4 12. Ne2 Bg4 13. Bg5 h6 14. Bh4 Re8
15. h3 Be6 16. Bb5 g5 17. Bg3 Qb6 18. Bxc6 bxc6 19. Qxd4 Nd7 20. Rfe1 c5 21. Qc3
Bd5 22. Rad1 Nf6 23. b3 Qc6 24. f3 Re6 25. Nc1 Rae8 26. Rxe6 Rxe6 27. Re1 Rxe1+
28. Qxe1 c4 29. Qc3 cxb3 30. Qxc6 Bxc6 31. cxb3 Nd5 32. Nd3 f6 33. Nc5 Kf7 34.
Bb8 a5 35. Bg3 a4 36. Nxa4 Bxa4 37. bxa4 Nb6 38. a5 Na8 39. a6 Ke6 40. Kf2 f5
41. Ke2 Kd5 42. Kd3 Kc5 43. Bf2+ Kd5 44. Kc3 h5 45. Kb4 Kc6 46. a7 Nc7 47. Kc4
Kd6 48. Bg3+ f4 49. Bf2 Na8 50. Kd4 Nc7 51. Ke4 Ke6 52. a4 Na8 53. a5 Nc7 54.
Bb6 Na8 55. Bd8 Kf7 56. Kf5 Kg7 57. Kxf4 gxf4 1-0

[Event "Ogolnopolska Olimpiada Mlodziezy D-12"]
[Site "Spala"]
[Date "1899-12-30"]
[Round "2.13"]
[White "Koruch, Maria"]
[Black "Tamon, Agata"]
[Result "1/2-1/2"]
[WhiteTitle "II"]
[BlackTitle "II"]
[WhiteElo "1362"]
[BlackElo "1056"]

1. e4 e5 2. Nf3 Nc6 3. Bb5 Nf6 4. d3 Bc5 5. c3 d6 6. O-O O-O 7. Nbd2 a6 8. Ba4
Bd7 9. h3 Qe7 10. Re1 Rfe8 11. Nf1 h6 12. Ng3 Rad8 13. d4 exd4 14. cxd4 Bb6 15.
a3 Kh8 16. Bc2 Qf8 17. Qd3 g6 18. h4 Qg7 19. Bf4 Kg8 20. Qd2 h5 21. Bg5 Rc8 22.
Qf4 Ng4 23. Nh2 Nxh2 24. Kxh2 Bxd4 25. Bb3 Rf8 26. Bh6 Be5 27. Bxg7 Bxf4 28. Bxf8
Rxf8 29. Rad1 Be5 30. Rd2 Na5 31. Ba2 Be6 32. Bxe6 fxe6 33. Rc2 c5 34. Kg1 Rf4
35. b4 cxb4 36. axb4 Nc6 37. Rb1 Rxh4 38. Re2 Rf4 39. b5 axb5 40. Rxb5 Nd4 41.
Rxb7 Nxe2+ 42. Nxe2 Rxe4 43. Kf1 h4 44. Re7 Bf6 45. Rd7 d5 46. f3 Re3 47. Kf2
Bg5 48. f4 Rxe2+ 49. Kxe2 Bxf4 50. Kf3 g5 51. Kg4 Kf8 52. Kf3 Ke8 53. Rb7 d4 54.
Ke4 1/2-1/2

[Event "Ogolnopolska Olimpiada Mlodziezy D-12"]
[Site "Spala"]
[Date "1899-12-30"]
[Round "2.14"]
[White "Michalska, Aleksandra"]
[Black "Mytych, Wiktoria"]
[Result "1/2-1/2"]
[WhiteTitle "II"]
[BlackTitle "II"]
[WhiteElo "1266"]
[BlackElo "1109"]

1. e4 c6 2. d4 d5 3. exd5 cxd5 4. Nc3 Nf6 5. Nf3 Bf5 6. Bd3 Bxd3 7. Qxd3 Nc6 8.
Bf4 e6 9. O-O Bd6 10. Bg5 h6 11. Be3 O-O 12. a3 a6 13. Rfe1 Re8 14. Rad1 Qc7 15.
h3 Na5 16. Rb1 Nc4 17. Bd2 b5 18. Nd1 Rac8 19. c3 Ne4 20. Rf1 Bh2+ 21. Kh1 Bf4
22. Ne3 Bxe3 23. Bxe3 Qd6 24. Nd2 f5 25. Nf3 Rcd8 26. Qc2 Nxe3 27. fxe3 Ng3+ 28.
Kg1 Nxf1 29. Rxf1 Rc8 30. Qe2 Rb8 31. Ne5 a5 32. Qh5 Qc7 33. Rf3 Rf8 34. Rf4 b4
35. axb4 axb4 36. Kh2 bxc3 37. bxc3 Rb7 38. Qg6 Rf6 39. Qe8+ Kh7 40. Qh5 Qxc3
41. Rf3 Qc7 42. Rg3 Qe7 43. Qh4 Rc7 44. Qh5 Rc3 45. Nf3 Rxe3 46. Ng5+ Kg8 47.
Rxe3 hxg5 48. Qxg5 Qf7 49. Qf4 Qd7 50. Rg3 Qe7 51. Qe5 Kf7 52. Qf4 Rg6 53. Rf3
Qg5 54. Qxg5 Rxg5 55. Rf4 Ke7 56. Kg1 Kd6 57. h4 Rg6 58. Kf2 Rf6 59. g4 g6 60.
gxf5 Rxf5 61. Rxf5 exf5 62. Kf3 Ke6 63. Ke3 Kf6 64. Kf4 Kg7 65. Ke5 Kf7 66. Kxd5
Kf6 67. Kc6 f4 68. d5 f3 69. d6 f2 70. d7 1/2-1/2

[Event "Ogolnopolska Olimpiada Mlodziezy D-12"]
[Site "Spala"]
[Date "1899-12-30"]
[Round "2.15"]
[White "Kulpa, Zuzanna"]
[Black "Maruszczak, Hanna"]
[Result "1-0"]
[WhiteTitle "II+"]
[BlackTitle "II"]
[WhiteElo "1425"]
[BlackElo "1069"]

1. e4 e5 2. Nf3 Nc6 3. d4 exd4 4. Nxd4 Bc5 5. Be3 Qf6 6. Nb5 Bd6 7. Nxd6+ Qxd6
8. Qxd6 cxd6 9. Nc3 Nf6 10. O-O-O Ke7 11. Bg5 b6 12. Nd5+ Kf8 13. Nxf6 gxf6 14.
Bxf6 Rg8 15. Rxd6 Rg6 16. h4 h5 17. f4 Rg4 18. Bg5 Ke8 19. Rh6 Kf8 20. Rg1 Nd4
21. Bf6 Ne6 22. f5 Nc7 23. Rxh5 Ne8 24. Rh8+ Rg8 25. Rxg8+ Kxg8 26. Bc3 Bb7 27.
Bd3 f6 28. Re1 Kh7 29. g4 d6 30. g5 Kg7 31. h5 Kf7 32. Rg1 fxg5 33. Rxg5 Nf6 34.
Bxf6 Kxf6 35. Rg6+ Ke7 36. Rg7+ Kf6 37. Rxb7 1-0

[Event "Ogolnopolska Olimpiada Mlodziezy D-12"]
[Site "Spala"]
[Date "1899-12-30"]
[Round "2.16"]
[White "Szelejewska, Maria"]
[Black "Wojciechowska, Martyna"]
[Result "0-1"]
[WhiteTitle "II"]
[BlackTitle "II"]
[WhiteElo "1054"]
[BlackElo "1280"]

1. e4 c5 2. Nf3 Nc6 3. d4 cxd4 4. Nxd4 Nf6 5. Nc3 e5 6. Nf3 Bb4 7. Bd3 d5 8. exd5
Nxd5 9. O-O Bg4 10. Be2 Nxc3 11. Qxd8+ Rxd8 12. bxc3 Bxc3 13. h3 Bxf3 14. Bxf3
Bxa1 15. Bg5 f6 16. Rxa1 fxg5 17. Re1 O-O 18. Bxc6 bxc6 19. Rxe5 Rd1+ 20. Kh2
h6 21. f3 Rb1 22. a4 Rb2 23. Rc5 Rc8 24. Kg3 Kh7 25. c3 Kg6 26. h4 gxh4+ 27. Kxh4
Rxg2 28. f4 Ra2 29. f5+ Kf6 30. a5 Rf2 31. Kg4 h5+ 32. Kxh5 Rxf5+ 0-1

[Event "Ogolnopolska Olimpiada Mlodziezy D-12"]
[Site "Spala"]
[Date "1899-12-30"]
[Round "3.1"]
[White "Wolagiewicz, Kinga"]
[Black "Kucharska, Honorata"]
[Result "0-1"]
[WhiteTitle "I"]
[BlackTitle "I"]
[WhiteElo "1373"]
[BlackElo "1722"]

1. d4 d5 2. Nf3 e6 3. c3 c5 4. Bg5 Nf6 5. e3 Nc6 6. Bd3 Be7 7. Nbd2 h6 8. Bh4 O-O
9. Qe2 cxd4 10. exd4 Re8 11. O-O b6 12. Rfe1 Bb7 13. Ne5 Nd7 14. Bxe7 Qxe7 15.
Ndf3 Ndxe5 16. Nxe5 Qg5 17. Bb5 Rec8 18. Qf3 Nxe5 19. Rxe5 Qf6 20. Qxf6 gxf6 21.
Rh5 Kg7 22. Re1 Kg6 23. Rh3 f5 24. Ree3 Rh8 25. Reg3+ Kf6 26. f4 a6 27. Be2 b5
28. a3 Bc6 29. Kf2 a5 30. b3 b4 31. a4 Rab8 32. c4 dxc4 33. Bxc4 Be4 34. Bd3 Bd5
35. Be2 Rbc8 36. Rd3 Rc2 37. Kf1 Ke7 38. Rhg3 Rhc8 39. Bd1 R2c3 40. Rxc3 bxc3
41. Bc2 Be4 42. Bd1 c2 43. Bxc2 Rxc2 44. Re3 Bxg2+ 45. Kg1 Bd5 46. Rh3 Rg2+ 47.
Kf1 Rg4 48. Rxh6 Rxf4+ 49. Ke2 Rxd4 50. Ke3 Re4+ 51. Kd3 Bxb3 52. h4 Bxa4 53.
h5 Bd1 54. Rh8 Rh4 55. h6 Bh5 56. Ra8 Bg6 57. Rxa5 Rxh6 58. Ra7+ Kf6 59. Ra4 Rh3+
60. Kd2 e5 61. Ra6+ Kg5 62. Ra4 e4 63. Ke2 Kf4 64. Ra1 Rh2+ 65. Kd1 Rh1+ 66. Kd2
Rxa1 67. Ke2 Ra2+ 68. Ke1 e3 69. Kf1 Bh5 70. Kg1 Kg3 71. Kh1 Ra1# 0-1

[Event "Ogolnopolska Olimpiada Mlodziezy D-12"]
[Site "Spala"]
[Date "1899-12-30"]
[Round "3.2"]
[White "Tarka, Aleksandra"]
[Black "Swiech, Joanna"]
[Result "1/2-1/2"]
[WhiteTitle "II+"]
[BlackTitle "I"]
[WhiteElo "1349"]
[BlackElo "1598"]

1. e4 e6 2. d3 d5 3. Nd2 Nf6 4. g3 c5 5. Bg2 Nc6 6. f4 Be7 7. Ngf3 b5 8. O-O O-O
9. e5 Ng4 10. Re1 Qb6 11. Nf1 c4+ 12. Be3 Nxe3 13. Nxe3 Bc5 14. Qe2 Nb4 15. d4
Be7 16. a3 Nc6 17. c3 a5 18. Bh3 f5 19. exf6 Bxf6 20. Nc2 Re8 21. Ne5 Bxe5 22.
fxe5 Bd7 23. Rf1 Rf8 24. Ne3 Qb7 25. Qg4 Ne7 26. Qg5 Ng6 27. Ng2 Rae8 28. Nh4
Nxh4 29. Qxh4 Bc8 30. Bg4 Qe7 31. Qxe7 Rxe7 32. Rxf8+ Kxf8 33. Rf1+ Rf7 34. Rxf7+
Kxf7 35. Bh5+ g6 36. Bf3 Ke7 37. Kf2 Kd7 38. Ke2 Kc6 39. Kd2 Bd7 40. Kc2 Be8 41.
Bg4 1/2-1/2

[Event "Ogolnopolska Olimpiada Mlodziezy D-12"]
[Site "Spala"]
[Date "1899-12-30"]
[Round "3.3"]
[White "Kalinowska, Zuzanna"]
[Black "Waszczuk, Patrycja"]
[Result "1/2-1/2"]
[WhiteTitle "I"]
[BlackTitle "I"]
[WhiteElo "1542"]
[BlackElo "1474"]

1. d4 d5 2. Nf3 c6 3. Bf4 Nf6 4. e3 Bf5 5. c4 e6 6. Nc3 Bd6 7. Bxd6 Qxd6 8. Be2
Nbd7 9. O-O O-O 10. a3 b6 11. b4 dxc4 12. Bxc4 Nd5 13. Nxd5 exd5 14. Bd3 Bxd3
15. Qxd3 Rfe8 16. Rac1 a5 17. Qc3 Rec8 18. Rc2 axb4 19. axb4 c5 20. bxc5 bxc5
21. dxc5 Qxc5 22. Qxc5 Rxc5 23. Rd2 Nf6 24. Rfd1 Rac8 25. Nd4 Ne4 26. Rd3 Rc1
27. Kf1 Kf8 28. f3 Nf6 29. Ke2 Rxd1 30. Rxd1 g6 31. Kd2 Ke7 32. Ra1 Rc7 33. Nb5
Rb7 34. Ra7 Rxa7 35. Nxa7 Kd6 36. Nb5+ Kc5 37. Na3 Nd7 38. Kc3 Ne5 39. Nc2 Nc4
40. Kd3 Nb2+ 41. Kc3 Nc4 42. Kd3 Nb2+ 43. Kc3 Nc4 44. Kd3 Nb2+ 45. Kc3 Nc4 1/2-1/2

[Event "Ogolnopolska Olimpiada Mlodziezy D-12"]
[Site "Spala"]
[Date "1899-12-30"]
[Round "3.4"]
[White "Moscicka, Pola"]
[Black "Kaniowska, Anna"]
[Result "1-0"]
[WhiteTitle "I"]
[BlackTitle "II"]
[WhiteElo "1568"]
[BlackElo "1336"]

1. d4 d5 2. c4 e6 3. cxd5 exd5 4. Nc3 Nf6 5. Bg5 Nbd7 6. e3 Be7 7. Bd3 O-O 8. Nge2
c6 9. O-O Ne4 10. Bf4 Ndf6 11. Qc2 Nxc3 12. Nxc3 Bd6 13. Bxd6 Qxd6 14. f3 Re8
15. Qf2 Bd7 16. Rad1 Re7 17. h3 Rae8 18. e4 dxe4 19. fxe4 Qb4 20. e5 Nd5 21. Ne4
h6 22. a3 Qb6 23. Bc4 Be6 24. Bxd5 Bxd5 25. Nf6+ Kh8 26. Nxe8 Rxe8 27. b4 Bc4
28. Rfe1 Qc7 29. Qc2 Bd5 30. Qc5 a6 31. Qd6 Qxd6 32. exd6 Rd8 33. Re7 b5 34. d7
Kh7 35. Kh2 Be6 36. Rf1 Kg6 37. g4 Rxd7 38. Rfxf7 Rxe7 39. Rxe7 Kf6 40. Ra7 Bd5
41. Rxa6 g5 42. a4 bxa4 43. Rxa4 Kg6 44. Ra5 Kf6 45. Kg3 Be4 46. Rc5 Bd5 47. Kf2
Ke6 48. Ke3 Kd6 49. Rc2 Ke6 50. Rf2 Ke7 51. Kd2 Bc4 52. Kc3 Bd5 53. Rc2 Kd6 54.
Kb2 Ke6 55. Ka3 Kd6 56. Ka4 Ke6 57. Ka5 Kd6 58. Kb6 Be4 59. Rf2 Ke6 60. Re2 Kd5
61. Rxe4 Kxe4 62. Kxc6 Kxd4 63. b5 1-0

[Event "Ogolnopolska Olimpiada Mlodziezy D-12"]
[Site "Spala"]
[Date "1899-12-30"]
[Round "3.5"]
[White "Karlyk, Maria"]
[Black "Tomczak, Marta"]
[Result "1-0"]
[WhiteTitle "I"]
[BlackTitle "II"]
[WhiteElo "1440"]
[BlackElo "1284"]

1. e4 c5 2. d4 cxd4 3. c3 dxc3 4. Nxc3 Nc6 5. Nf3 d6 6. Bc4 a6 7. a4 e6 8. Be3
Nf6 9. O-O Be7 10. h3 O-O 11. Nh2 h6 12. f4 Nb4 13. Bb3 a5 14. Rc1 b6 15. Ng4
Bb7 16. f5 Nxe4 17. fxe6 f6 18. Nxe4 Bxe4 19. Nxh6+ gxh6 20. Qg4+ Kh8 21. Qxe4
Rg8 22. Bxh6 d5 23. Qh4 Rxg2+ 24. Kxg2 Qg8+ 25. Bg5+ Kg7 26. Qh6# 1-0

[Event "Ogolnopolska Olimpiada Mlodziezy D-12"]
[Site "Spala"]
[Date "1899-12-30"]
[Round "3.6"]
[White "Poreba, Weronika"]
[Black "Malicka, Maria"]
[Result "0-1"]
[WhiteTitle "I"]
[BlackTitle "I"]
[WhiteElo "1414"]
[BlackElo "1408"]

1. e4 c5 2. Nf3 e6 3. d4 cxd4 4. Nxd4 a6 5. Nc3 Qc7 6. Be3 Bb4 7. Qd2 Nf6 8. f3
d5 9. exd5 Nxd5 10. Nde2 Nxe3 11. Qxe3 Nc6 12. f4 Bd7 13. O-O-O O-O 14. Kb1 Rfd8
15. g4 Ne7 16. Bg2 Bc5 17. Qg3 Qb6 18. h4 Rac8 19. Ka1 Bc6 20. h5 Bxg2 21. Qxg2
Qc6 22. Qh3 b5 23. g5 b4 24. Nb1 Nf5 25. Ng3 Ne3 26. Rc1 Bd4 27. a3 Nxc2+ 28.
Rxc2 Qxc2 29. Rh2 Bxb2+ 0-1

[Event "Ogolnopolska Olimpiada Mlodziezy D-12"]
[Site "Spala"]
[Date "1899-12-30"]
[Round "3.7"]
[White "Skiba, Aleksandra"]
[Black "Choinska, Debora"]
[Result "1-0"]
[WhiteTitle "II"]
[BlackTitle "II"]
[WhiteElo "1214"]
[BlackElo "1297"]

1. d4 d5 2. c4 e6 3. Nc3 Nf6 4. e3 Be7 5. Nf3 O-O 6. cxd5 Nxd5 7. Bd2 b6 8. Rc1
Bb7 9. Be2 Nd7 10. a3 c5 11. dxc5 Nxc5 12. Nxd5 Bxd5 13. Bc3 Nb3 14. Rb1 Be4 15.
Qxd8 Rfxd8 16. Rd1 Bc2 17. Rxd8+ Rxd8 18. O-O Bf6 19. Bxf6 gxf6 20. Re1 e5 21.
Bc4 Nd2 22. Nxd2 Rxd2 23. h3 Kf8 24. Re2 Rd1+ 25. Kh2 Bd3 26. Bxd3 Rxd3 27. Rc2
Rb3 28. Kg3 Kg7 29. Kg4 Kg6 30. Rd2 Kg7 31. Kf5 a6 32. g4 h6 33. h4 a5 34. g5
hxg5 35. hxg5 fxg5 36. Kxg5 Rb5 37. Kf5 Rc5 38. f3 Rb5 39. Rg2+ Kf8 40. e4 Ke7
41. Rc2 Rc5 42. Rxc5 bxc5 43. Kxe5 c4 44. Kd5 Kf6 45. Kxc4 Ke5 46. Kd3 f6 47.
Ke3 a4 48. f4+ Ke6 49. Kd4 Kd6 50. f5 Ke7 51. Kc5 Kd7 52. Kd5 Ke7 53. e5 fxe5
54. Kxe5 Kf7 55. f6 Kf8 56. Ke6 Ke8 57. f7+ Kf8 58. Kd5 Kxf7 59. Kc5 Ke6 60. Kb5
Kd5 61. Kxa4 Kc4 62. b3+ Kc5 63. Ka5 Kc6 64. a4 Kc5 65. b4+ Kc6 66. Ka6 Kc7 67.
a5 Kb8 68. b5 Ka8 69. Kb6 Kb8 70. a6 Ka8 71. Kc7 Ka7 72. b6+ Kxa6 73. b7 Ka5 74.
b8=R Ka4 75. Kc6 Ka3 76. Kc5 Ka2 77. Kc4 Ka1 78. Kc3 Ka2 79. Rb7 Ka1 80. Kc2 Ka2
81. Ra7# 1-0

[Event "Ogolnopolska Olimpiada Mlodziezy D-12"]
[Site "Spala"]
[Date "1899-12-30"]
[Round "3.8"]
[White "Harazinska, Magdalena"]
[Black "Michalska, Aleksandra"]
[Result "1-0"]
[WhiteTitle "I"]
[BlackTitle "II"]
[WhiteElo "1618"]
[BlackElo "1266"]

1. d4 d5 2. Nf3 e6 3. Bf4 Be7 4. e3 Nf6 5. c4 O-O 6. Nc3 Nbd7 7. Bd3 c6 8. O-O
Nh5 9. Bg3 Nxg3 10. fxg3 Nf6 11. Qc2 dxc4 12. Bxc4 h6 13. Rad1 Qc7 14. Bb3 Bd6
15. Qd3 Qe7 16. Bc2 g6 17. Ne5 Bd7 18. Rxf6 Qxf6 19. Nxd7 Qg7 20. Nxf8 Rxf8 21.
Rf1 a6 22. e4 Rd8 23. Qe3 Bc7 24. e5 Bb6 25. Rd1 Rc8 26. Ne4 Rd8 27. Nf6+ Kh8
28. Kf1 Rc8 29. b4 a5 30. a3 axb4 31. axb4 Bd8 32. Qf3 Be7 33. Rb1 Ra8 34. g4
Rd8 35. Qf2 Bxf6 36. exf6 Qf8 37. Qe3 Rd5 38. Bd3 Rg5 39. h3 Qd8 40. h4 Qxf6+
41. Qf3 Qxf3+ 42. gxf3 Rd5 43. Be4 Rxd4 44. b5 cxb5 45. Rxb5 f5 46. gxf5 exf5
47. Bxb7 Rxh4 48. Kg2 Rd4 49. Kg3 Kg7 50. Rc5 Rd7 51. Bc8 Re7 52. Kf4 Kf6 53.
Rc6+ Kg7 54. Be6 Ra7 55. Ke5 Ra5+ 56. Bd5 Ra7 57. Rc8 Kh7 58. Kf6 Rg7 59. Rf8
f4 60. Be6 h5 61. Rf7 Rxf7+ 62. Bxf7 Kh6 63. Bxg6 h4 64. Bf5 Kh5 65. Bg4+ Kh6
66. Kf5 Kg7 67. Kxf4 Kf6 68. Bh3 Kg7 69. Kg5 Kf7 70. Kxh4 Kg6 71. f4 Kf6 72. Kh5
Kg7 73. Kg5 Kf7 74. f5 Kg7 75. f6+ Kf7 76. Bf5 Kg8 77. Kg6 Kh8 78. Bd7 Kg8 79.
f7+ Kf8 80. Bh3 Ke7 81. Kg7 Kd6 82. f8=Q+ Ke5 83. Qe7+ Kd5 84. Bg2+ Kd4 85. Qe4+
Kc5 86. Qd5+ Kb4 87. Qc6 Kb3 88. Kf6 Kb4 89. Ke5 Kb3 90. Kd4 Kb4 91. Qc4+ Ka3
92. Qb5 Ka2 93. Kc3 Ka3 94. Qb3# 1-0

[Event "Ogolnopolska Olimpiada Mlodziezy D-12"]
[Site "Spala"]
[Date "1899-12-30"]
[Round "3.9"]
[White "Wagner, Klaudia"]
[Black "Kulpa, Zuzanna"]
[Result "0-1"]
[WhiteTitle "II"]
[BlackTitle "II+"]
[WhiteElo "1271"]
[BlackElo "1425"]

1. d4 Nf6 2. c4 c5 3. d5 b5 4. cxb5 a6 5. e3 axb5 6. Bxb5 Qa5+ 7. Nc3 Bb7 8. Bd2
Qb6 9. Qb3 e6 10. Nf3 Nxd5 11. Ne5 Nxc3 12. Nxd7 Qxb5 13. Nxb8 Qxb3 14. axb3 Rxa1+
15. Bc1 Rxc1+ 16. Kd2 Rxh1 17. bxc3 Bd6 18. Kc2 Bxb8 19. b4 cxb4 20. cxb4 Rxh2
21. g3 Rxf2+ 22. Kd3 Ke7 23. g4 Ba6+ 24. Kd4 Rd8+ 25. Ke4 Bb7# 0-1

[Event "Ogolnopolska Olimpiada Mlodziezy D-12"]
[Site "Spala"]
[Date "1899-12-30"]
[Round "3.10"]
[White "Filipska, Maja"]
[Black "Koruch, Maria"]
[Result "0-1"]
[WhiteTitle "I"]
[BlackTitle "II"]
[WhiteElo "1241"]
[BlackElo "1362"]

1. e4 c5 2. Nc3 Nc6 3. g3 g6 4. Bg2 Bg7 5. Nf3 d6 6. O-O e6 7. d3 Nge7 8. Be3 O-O
9. Qd2 Re8 10. Bh6 Bh8 11. Rab1 d5 12. exd5 exd5 13. Rfe1 Be6 14. Ng5 Nd4 15.
Nxe6 Nxe6 16. Bg5 Nxg5 17. Qxg5 d4 18. Nd5 Nc6 19. Rxe8+ Qxe8 20. Nf6+ Bxf6 21.
Qxf6 Rc8 22. c3 Qe2 23. Qf3 Re8 24. Qxe2 Rxe2 25. cxd4 cxd4 26. Kf1 Rd2 27. Be4
f5 28. Ke1 Rc2 29. Bf3 Nb4 30. Bxb7 Nxd3+ 31. Kf1 Rxf2+ 32. Kg1 Rxb2 33. Rxb2
Nxb2 34. Kf2 Kg7 35. Ba6 Kf6 36. Kf3 Ke5 37. Ke2 Na4 38. Kd2 g5 39. Bd3 h6 40.
Be2 Nc3 41. Bc4 f4 42. a3 fxg3 43. hxg3 Ne4+ 0-1

[Event "Ogolnopolska Olimpiada Mlodziezy D-12"]
[Site "Spala"]
[Date "1899-12-30"]
[Round "3.11"]
[White "Jarocka, Liwia"]
[Black "Czarniecka, Aleksandra"]
[Result "1-0"]
[WhiteTitle "I"]
[BlackTitle "I"]
[WhiteElo "1341"]
[BlackElo "1247"]

1. e4 c5 2. Nf3 d6 3. d4 cxd4 4. Nxd4 Nf6 5. Nc3 a6 6. Be3 e6 7. f3 b5 8. Qd2 Bb7
9. g4 Nfd7 10. h4 Nb6 11. Bd3 N8d7 12. g5 Rc8 13. O-O-O b4 14. Nce2 d5 15. h5
a5 16. g6 a4 17. gxh7 b3 18. axb3 e5 19. Nb5 axb3 20. h6 Nc5 21. hxg7 Bxg7 22.
Rdg1 bxc2 23. Bxc5 Kd7 24. Rxg7 Rxc5 25. Qg5 Qxg5+ 26. Rxg5 Rcc8 27. exd5 Nxd5
28. Bf5+ Ke7 29. Bxc8 1-0

[Event "Ogolnopolska Olimpiada Mlodziezy D-12"]
[Site "Spala"]
[Date "1899-12-30"]
[Round "3.12"]
[White "Hryn, Zofia"]
[Black "Kawecka, Malgorzata"]
[Result "1/2-1/2"]
[WhiteTitle "II"]
[BlackTitle "II+"]
[WhiteElo "1327"]
[BlackElo "1238"]

1. e4 d5 2. exd5 Qxd5 3. Nc3 Qa5 4. Bc4 Nf6 5. d3 c6 6. Bd2 Qc7 7. Qe2 Bf5 8. h3
e6 9. g4 Bg6 10. f4 Be7 11. Nf3 h5 12. O-O-O Nbd7 13. Rde1 Nb6 14. Bb3 hxg4 15.
hxg4 Rxh1 16. Rxh1 O-O-O 17. Ne5 Nbd7 18. Nxg6 fxg6 19. Bxe6 Bd6 20. g5 Nh5 21.
Qg4 Bxf4 22. Bxf4 Qxf4+ 23. Qxf4 Nxf4 24. Bg4 Kb8 25. Rh7 Ne5 26. Bd1 Ne6 27.
Ne4 Rg8 28. Rh1 Nf7 29. Rg1 Rd8 30. Bg4 Nexg5 31. Nxg5 Nxg5 32. Bf5 gxf5 33. Rxg5
Rf8 34. Rxg7 a6 35. Kd2 Ka7 36. Ke3 Rh8 37. Rg2 c5 38. Rf2 Rh5 39. Kf4 Kb6 40.
c3 Kb5 41. b3 Rh3 42. Rf3 Rh2 43. a4+ Kb6 44. Kxf5 Rb2 45. b4 cxb4 46. cxb4 Rxb4
47. Rf4 a5 48. Re4 Kc6 49. Ke5 Kc5 50. d4+ Kb6 51. d5 Kc7 52. Rd4 Kd7 53. Ke4
Kd6 54. Kd3 Kc5 55. Rxb4 axb4 56. d6 Kxd6 57. Ke4 Ke5+ 1/2-1/2

[Event "Ogolnopolska Olimpiada Mlodziezy D-12"]
[Site "Spala"]
[Date "1899-12-30"]
[Round "3.13"]
[White "Mytych, Wiktoria"]
[Black "Lascar, Maria Elena"]
[Result "0-1"]
[WhiteTitle "II"]
[BlackTitle "II+"]
[WhiteElo "1109"]
[BlackElo "1299"]

1. e4 c5 2. c3 d5 3. exd5 Qxd5 4. d4 Nf6 5. Nf3 e6 6. Nbd2 cxd4 7. cxd4 Nc6 8.
Bc4 Qd8 9. Nb3 Be7 10. O-O O-O 11. Bg5 a6 12. Qe2 b5 13. Bd3 Bb7 14. Be4 Nxe4
15. Bxe7 Nxe7 16. Nfd2 Qd5 17. f3 Nxd2 18. Qxd2 Rac8 19. Rfe1 Ng6 20. Na5 Ba8
21. b4 Rfd8 22. Red1 e5 23. Nb3 exd4 24. Qxd4 Qxd4+ 25. Rxd4 Rxd4 26. Nxd4 Rd8
27. Nb3 f6 28. Nc5 Rd6 29. a4 Bc6 30. axb5 Bxb5 31. Ne4 Rd4 32. Nc5 Rxb4 33. Nxa6
Bxa6 34. Rxa6 Ne5 35. h3 Kf7 36. Ra7+ Kg6 37. Ra1 Rb2 38. Rd1 Kf5 39. Kf1 Kf4
40. Kg1 Kg3 41. Kf1 Rxg2 42. h4 Nxf3 43. h5 Rf2# 0-1

[Event "Ogolnopolska Olimpiada Mlodziezy D-12"]
[Site "Spala"]
[Date "1899-12-30"]
[Round "3.14"]
[White "Orlik, Sandra"]
[Black "Raczykowska, Paulina"]
[Result "0-1"]
[WhiteTitle "II"]
[BlackTitle "II+"]
[WhiteElo "1298"]
[BlackElo "1228"]

1. e4 e5 2. Nf3 Nc6 3. Nc3 Nf6 4. d4 Bb4 5. Bg5 exd4 6. Nxd4 Qe7 7. f3 Qe5 8. Be3
d5 9. Bb5 dxe4 10. O-O Bd7 11. Nxc6 bxc6 12. Bd4 Bc5 13. Bxc5 Qxc5+ 14. Kh1 cxb5
15. fxe4 Be6 16. Qf3 Qh5 17. Qg3 Qg6 18. Qxc7 O-O 19. Qc6 b4 20. Nd5 Nxd5 21.
exd5 Qe4 22. Rad1 Rac8 23. Qb5 Rxc2 24. Rg1 Bh3 25. Qf1 Bg4 26. Re1 Qxd5 27. Qf4
Be6 28. Rd1 Qxa2 29. Qxb4 Qxb2 30. Qh4 Qf6 31. Qg3 a5 32. Ra1 Ra2 33. Raf1 Qg6
34. Qxg6 hxg6 35. Ra1 Rxa1 36. Rxa1 Ra8 37. Kg1 a4 38. Ra3 Bb3 39. Kf2 Re8 40.
h3 g5 41. g4 f5 42. Ra1 fxg4 43. hxg4 Re4 44. Kg3 Be6 45. Kf3 Rxg4 46. Re1 Rf4+
47. Kg3 Bf7 0-1